[Event "MSRCH16"]
[Site "?"]
[Date "2026.04.17"]
[Round "9.12"]
[White "Binovec, Lukas"]
[Black "Bernard, Matthias"]
[Result "1-0"]
[BlackElo "1696"]
[WhiteElo "1858"]
[LiveChessVersion "1.4.8"]

1. c4 {[%clk 1:30:59]} e6 {[%clk 1:30:52]} 2. Nc3 {[%clk 1:31:10]} d5
{[%clk 1:30:53]} 3. d4 {[%clk 1:31:20]} c5 {[%clk 1:30:17]} 4. e3
{[%clk 1:31:25]} Nf6 {[%clk 1:28:25]} 5. Nf3 {[%clk 1:31:15]} Nc6
{[%clk 1:27:46]} 6. b3 {[%clk 1:29:21]} Be7 {[%clk 1:26:23]} 7. Be2
{[%clk 1:27:45]} O-O {[%clk 1:23:15]} 8. O-O {[%clk 1:26:56]} Re8
{[%clk 1:09:30]} 9. Bb2 {[%clk 1:17:39]} b6 {[%clk 0:56:37]} 10. Ne5
{[%clk 1:00:56]} Bb7 {[%clk 0:49:45]} 11. Bf3 {[%clk 0:56:04]} Rc8
{[%clk 0:45:39]} 12. Qd2 {[%clk 0:31:10]} dxc4 {[%clk 0:42:23]} 13. Nxc4
{[%clk 0:28:16]} cxd4 {[%clk 0:35:47]} 14. exd4 {[%clk 0:27:17]} Bb4
{[%clk 0:27:25]} 15. a3 {[%clk 0:20:39]} Bxc3 {[%clk 0:24:53]} 16. Qxc3
{[%clk 0:19:35]} b5 {[%clk 0:23:10]} 17. Nd2 {[%clk 0:14:55]} Ne5
{[%clk 0:22:28]} 18. Qe3 {[%clk 0:13:58]} Nxf3+ {[%clk 0:22:26]} 19. Nxf3
{[%clk 0:14:21]} Nd5 {[%clk 0:21:12]} 20. Qe5 {[%clk 0:12:40]} h6
{[%clk 0:17:24]} 21. Rac1 {[%clk 0:12:00]} Qd7 {[%clk 0:15:58]} 22. h3
{[%clk 0:11:00]} a5 {[%clk 0:14:08]} 23. Rc5 {[%clk 0:08:42]} Rxc5
{[%clk 0:11:30]} 24. dxc5 {[%clk 0:09:07]} Nf6 {[%clk 0:11:29]} 25. Qg3
{[%clk 0:08:42]} Qe7 {[%clk 0:10:16]} 26. Rc1 {[%clk 0:06:16]} Rc8
{[%clk 0:09:22]} 27. b4 {[%clk 0:05:35]} a4 {[%clk 0:08:51]} 28. Nd4
{[%clk 0:04:03]} Ba6 {[%clk 0:04:35]} 29. Re1 {[%clk 0:01:49]} Qd8
{[%clk 0:03:33]} 30. Rc1 {[%clk 0:00:52]} Kh8 {[%clk 0:02:22]} 31. c6
{[%clk 0:00:51]} Qc7 {[%clk 0:01:20]} 32. Qc3 {[%clk 0:00:41]} Nd5
{[%clk 0:00:47]} 33. Qc5 {[%clk 0:00:59]} Qb8 {[%clk 0:00:39]} 34. Nf3
{[%clk 0:00:50]} f6 {[%clk 0:00:39]} 35. Nd4 {[%clk 0:00:57]} Bb7
{[%clk 0:00:35]} 36. Qxb5 {[%clk 0:00:50]} Ba8 {[%clk 0:00:37]} 37. Qxb8
{[%clk 0:00:52]} Rxb8 {[%clk 0:01:05]} 38. Nxe6 {[%clk 0:00:57]} Rc8
{[%clk 0:00:49]} 39. b5 {[%clk 0:00:53]} Kg8 {[%clk 0:00:48]} 40. f4
{[%clk 0:00:46]} Kf7 {[%clk 0:01:00]} 41. f5 {[%clk 0:01:04]} g6 {[%clk 0:00:36]}
42. g4 {[%clk 0:30:02]} h5 {[%clk 0:28:45]} 43. Rc5 {[%clk 0:12:13]} Ne3
{[%clk 0:26:53]} 44. b6 {[%clk 0:06:23]} Bxc6 {[%clk 0:22:55]} 45. Rxc6
{[%clk 0:06:07]} Rb8 {[%clk 0:21:55]} 46. Rc7+ {[%clk 0:06:23]} Kg8
{[%clk 0:21:46]} 47. b7 {[%clk 0:06:38]} 1-0

[Event "MSRCH16"]
[Site "?"]
[Date "2026.04.17"]
[Round "9.13"]
[White "Vavra, Martin"]
[Black "Bebko, Alex"]
[Result "1/2-1/2"]
[BlackElo "1641"]
[WhiteElo "1798"]
[LiveChessVersion "1.4.8"]

1. e4 c5 2. Nf3 d6 3. d4 cxd4 4. Nxd4 Nf6 5. Nc3 a6 6. Be3 e5 7. Nf3 Be6 8. h3 h6
9. Qd2 Be7 10. O-O-O Nbd7 11. g4 b5 12. a3 Nb6 13. Nh4 g6 14. Bxh6 Ng8 15. Nxg6
fxg6 16. Be3 Nc4 17. Bxc4 Bxc4 18. b3 Bf7 19. f4 Nf6 20. f5 Rc8 21. g5 Nd7 22. h4
Qa5 23. Kb2 b4 24. axb4 Qxb4 25. Nd5 Qxd2 26. Rxd2 Bxd5 27. Rxd5 Kf7 28. f6
1/2-1/2

[Event "MSRCH16"]
[Site "?"]
[Date "2026.04.17"]
[Round "9.14"]
[White "Brand, Filip"]
[Black "Kosut, Simon"]
[Result "1/2-1/2"]
[BlackElo "1603"]
[WhiteElo "1777"]
[LiveChessVersion "1.4.8"]

1. d4 {[%clk 1:30:51]} Nf6 2. Nc3 {[%clk 1:31:06]} d5 {[%clk 1:31:25]} 3. Bf4
{[%clk 1:31:25]} e6 {[%clk 1:31:47]} 4. e3 {[%clk 1:31:47]} a6 {[%clk 1:31:23]}
5. g4 {[%clk 1:31:27]} Bb4 {[%clk 1:29:08]} 6. g5 {[%clk 1:30:08]} Ne4
{[%clk 1:28:38]} 7. Nge2 {[%clk 1:26:30]} Nxg5 {[%clk 1:27:47]} 8. Ng3
{[%clk 1:25:34]} Nc6 {[%clk 1:18:38]} 9. Rg1 {[%clk 1:23:26]} h6 {[%clk 1:17:47]}
10. h4 {[%clk 1:20:53]} Nh7 {[%clk 1:16:40]} 11. Nh5 {[%clk 1:20:48]} g5
{[%clk 1:13:51]} 12. hxg5 {[%clk 1:10:24]} hxg5 {[%clk 1:12:03]} 13. Bh2
{[%clk 1:10:12]} Nf6 {[%clk 1:02:42]} 14. Nxf6+ {[%clk 1:08:17]} Qxf6
{[%clk 1:03:02]} 15. Bxc7 {[%clk 1:08:22]} Bd7 {[%clk 1:00:29]} 16. Qg4
{[%clk 1:06:54]} Rg8 {[%clk 0:59:53]} 17. f4 {[%clk 1:01:11]} e5 {[%clk 0:58:05]}
18. fxe5 {[%clk 0:59:06]} Qxf1+ {[%clk 0:50:48]} 19. Kxf1 {[%clk 0:59:25]} Bxg4
{[%clk 0:51:10]} 20. Rxg4 {[%clk 0:59:41]} Bxc3 {[%clk 0:51:38]} 21. bxc3
{[%clk 0:59:52]} Kd7 {[%clk 0:51:40]} 22. Bd6 {[%clk 0:58:45]} Rac8
{[%clk 0:51:19]} 23. Rb1 {[%clk 0:56:09]} b5 {[%clk 0:51:46]} 24. Ke2
{[%clk 0:55:37]} f5 {[%clk 0:50:55]} 25. Rg2 {[%clk 0:54:57]} Na5
{[%clk 0:49:32]} 26. Kd3 {[%clk 0:50:38]} Nc4 {[%clk 0:48:20]} 27. Bc5
{[%clk 0:43:53]} g4 {[%clk 0:47:19]} 28. Bb4 {[%clk 0:31:48]} Rh8
{[%clk 0:45:29]} 1/2-1/2

[Event "MSRCH16"]
[Site "?"]
[Date "2026.04.17"]
[Round "9.15"]
[White "Toth, Peter"]
[Black "Simonov, Tobias"]
[Result "1/2-1/2"]
[BlackElo "1708"]
[WhiteElo "1756"]
[LiveChessVersion "1.4.8"]

1. e4 {[%clk 1:30:59]} e6 {[%clk 1:30:56]} 2. d4 {[%clk 1:31:26]} d5
{[%clk 1:31:22]} 3. Nd2 {[%clk 1:31:54]} dxe4 {[%clk 1:31:13]} 4. Nxe4
{[%clk 1:32:18]} Nf6 {[%clk 1:31:27]} 5. Nxf6+ {[%clk 1:32:21]} Qxf6
{[%clk 1:31:48]} 6. Nf3 {[%clk 1:32:41]} h6 {[%clk 1:30:04]} 7. c3
{[%clk 1:31:21]} Bd6 {[%clk 1:28:32]} 8. Be3 {[%clk 1:23:40]} O-O
{[%clk 1:27:02]} 9. Bd3 {[%clk 1:20:22]} Nc6 {[%clk 1:25:32]} 10. Qc2
{[%clk 1:18:54]} Re8 {[%clk 1:23:11]} 11. O-O-O {[%clk 1:16:26]} e5
{[%clk 1:19:10]} 12. dxe5 {[%clk 1:15:44]} Nxe5 {[%clk 1:19:14]} 13. Nxe5
{[%clk 1:15:22]} Bxe5 {[%clk 1:18:45]} 14. Qa4 {[%clk 1:08:44]} Bf5
{[%clk 1:15:21]} 15. Bxf5 {[%clk 1:04:34]} Qxf5 {[%clk 1:15:37]} 16. g4
{[%clk 1:04:32]} Qg6 {[%clk 1:07:47]} 17. h4 {[%clk 1:00:14]} Re6
{[%clk 1:02:40]} 18. g5 {[%clk 0:57:56]} h5 {[%clk 0:53:23]} 19. Rhf1
{[%clk 0:48:14]} Bd6 {[%clk 0:52:15]} 20. Rh1 {[%clk 0:42:02]} b6
{[%clk 0:46:17]} 1/2-1/2

[Event "MSRCH16"]
[Site "?"]
[Date "2026.04.17"]
[Round "9.16"]
[White "Simko, Stefan"]
[Black "Mizanin, Matej"]
[Result "0-1"]
[BlackElo "1745"]
[WhiteElo "1700"]
[LiveChessVersion "1.4.8"]

1. g3 {[%clk 1:30:57]} Nf6 {[%clk 1:30:57]} 2. Bg2 {[%clk 1:31:16]} g6
{[%clk 1:31:23]} 3. Nf3 {[%clk 1:31:35]} Bg7 {[%clk 1:31:50]} 4. O-O
{[%clk 1:31:58]} O-O {[%clk 1:32:17]} 5. c4 {[%clk 1:32:04]} d5 {[%clk 1:32:42]}
6. d3 {[%clk 1:31:30]} c5 {[%clk 1:33:06]} 7. Nbd2 {[%clk 1:31:19]} Nc6
{[%clk 1:31:37]} 8. Nb3 {[%clk 1:31:11]} b6 {[%clk 1:31:31]} 9. a4
{[%clk 1:27:26]} a5 {[%clk 1:19:25]} 10. Bf4 {[%clk 1:24:31]} Nh5
{[%clk 1:09:51]} 11. cxd5 {[%clk 1:22:26]} Nxf4 {[%clk 1:08:47]} 12. gxf4
{[%clk 1:22:30]} Nb4 {[%clk 1:07:32]} 13. Ne5 {[%clk 1:16:38]} Rb8
{[%clk 0:50:58]} 14. Nc6 {[%clk 1:14:26]} Nxc6 {[%clk 0:51:16]} 15. dxc6
{[%clk 1:14:48]} Qc7 {[%clk 0:49:32]} 16. Qd2 {[%clk 1:13:58]} Be6
{[%clk 0:48:45]} 17. Nc1 {[%clk 1:09:26]} Rfd8 {[%clk 0:48:05]} 18. e4
{[%clk 1:06:02]} Qxc6 {[%clk 0:44:53]} 19. e5 {[%clk 1:06:13]} Bd5
{[%clk 0:45:13]} 20. Bxd5 {[%clk 1:05:35]} Qxd5 {[%clk 0:45:29]} 21. Qe3
{[%clk 1:03:45]} Qd4 {[%clk 0:43:10]} 22. Qxd4 {[%clk 1:03:04]} Rxd4
{[%clk 0:43:26]} 23. Ne2 {[%clk 1:02:30]} Rxd3 {[%clk 0:43:45]} 24. Rfd1
{[%clk 1:02:15]} Rbd8 {[%clk 0:43:19]} 25. Rdc1 {[%clk 0:59:37]} Rd2
{[%clk 0:43:18]} 26. Kf1 {[%clk 0:59:57]} Rxb2 {[%clk 0:42:44]} 27. Rd1
{[%clk 0:59:42]} Rxd1+ {[%clk 0:41:02]} 28. Rxd1 {[%clk 1:00:07]} Rb4
{[%clk 0:36:30]} 29. Rd8+ {[%clk 0:57:57]} Bf8 {[%clk 0:36:52]} 30. Nc3
{[%clk 0:58:22]} e6 {[%clk 0:35:40]} 31. Rb8 {[%clk 0:58:21]} Rxf4
{[%clk 0:30:52]} 32. Rxb6 {[%clk 0:58:02]} Be7 {[%clk 0:30:35]} 33. Rb5
{[%clk 0:56:28]} Rc4 {[%clk 0:30:39]} 34. Rxa5 {[%clk 0:55:54]} Rxc3
{[%clk 0:30:53]} 35. Ra8+ {[%clk 0:56:09]} Kg7 {[%clk 0:30:39]} 36. a5
{[%clk 0:56:27]} c4 {[%clk 0:30:21]} 37. a6 {[%clk 0:56:48]} Ra3 {[%clk 0:30:02]}
38. Ke1 {[%clk 0:56:11]} Bc5 {[%clk 0:29:20]} 39. f4 {[%clk 0:55:53]} Kh6
{[%clk 0:28:15]} 40. Kd1 {[%clk 0:55:04]} g5 {[%clk 0:28:41]} 41. Rc8
{[%clk 0:54:31]} Ra5 {[%clk 0:28:37]} 42. f5 {[%clk 0:54:02]} exf5
{[%clk 0:28:03]} 43. Rc6+ {[%clk 0:54:06]} Kg7 {[%clk 0:28:08]} 44. Kc2
{[%clk 0:54:07]} Bd4 {[%clk 0:27:25]} 0-1

[Event "MSRCH16"]
[Site "?"]
[Date "2026.04.17"]
[Round "9.17"]
[White "Chmurny, Richard"]
[Black "Sykora, Miro"]
[Result "1/2-1/2"]
[BlackElo "1671"]
[WhiteElo "1734"]
[LiveChessVersion "1.4.8"]

1. e4 {[%clk 1:30:59]} c6 {[%clk 1:30:53]} 2. d4 {[%clk 1:31:24]} d5
{[%clk 1:31:21]} 3. exd5 {[%clk 1:31:48]} cxd5 {[%clk 1:31:43]} 4. Bf4
{[%clk 1:32:13]} Nf6 {[%clk 1:31:24]} 5. Nf3 {[%clk 1:32:26]} Bg4
{[%clk 1:29:14]} 6. c3 {[%clk 1:30:39]} Nc6 {[%clk 1:25:48]} 7. Nbd2
{[%clk 1:30:22]} e6 {[%clk 1:23:46]} 8. Qb3 {[%clk 1:30:09]} Bd6 {[%clk 1:18:16]}
9. Bg3 {[%clk 1:22:57]} Rb8 {[%clk 1:13:58]} 10. Bd3 {[%clk 1:21:37]} Qc7
{[%clk 1:12:04]} 11. Bxd6 {[%clk 1:17:40]} Qxd6 {[%clk 1:12:32]} 12. O-O
{[%clk 1:17:57]} O-O {[%clk 1:10:41]} 13. Rae1 {[%clk 1:16:34]} a6
{[%clk 1:08:41]} 14. Ne5 {[%clk 1:14:12]} b5 {[%clk 1:07:46]} 15. f4
{[%clk 1:08:49]} Rfc8 {[%clk 0:58:09]} 16. a3 {[%clk 1:06:01]} Na5
{[%clk 0:53:01]} 17. Qc2 {[%clk 1:04:48]} Bh5 {[%clk 0:41:21]} 18. f5
{[%clk 1:02:34]} exf5 {[%clk 0:32:50]} 19. Bxf5 {[%clk 0:59:37]} Rc7
{[%clk 0:33:04]} 20. g4 {[%clk 0:48:11]} Bg6 {[%clk 0:32:43]} 21. h4
{[%clk 0:47:48]} Nxg4 {[%clk 0:25:04]} 22. Rf3 {[%clk 0:41:22]} Re7
{[%clk 0:21:09]} 23. Nf1 {[%clk 0:38:26]} Bxf5 {[%clk 0:19:33]} 24. Qxf5
{[%clk 0:38:09]} Nh6 {[%clk 0:20:00]} 25. Qh3 {[%clk 0:36:13]} Rbe8
{[%clk 0:17:26]} 26. Rfe3 {[%clk 0:34:29]} f6 {[%clk 0:16:50]} 27. Ng4
{[%clk 0:32:45]} Nxg4 {[%clk 0:16:02]} 1/2-1/2

[Event "MSRCH16"]
[Site "?"]
[Date "2026.04.17"]
[Round "9.18"]
[White "Zaborsky, Richard"]
[Black "Foldesi, Marek"]
[Result "1/2-1/2"]
[BlackElo "1746"]
[WhiteElo "1662"]
[LiveChessVersion "1.4.8"]

1. e4 {[%clk 1:28:42]} e5 {[%clk 1:30:52]} 2. Nf3 {[%clk 1:28:18]} Nc6
{[%clk 1:31:16]} 3. Bb5 {[%clk 1:28:43]} a6 {[%clk 1:31:41]} 4. Ba4
{[%clk 1:29:10]} Nf6 {[%clk 1:32:05]} 5. O-O {[%clk 1:29:31]} d6 {[%clk 1:32:09]}
6. Re1 {[%clk 1:29:37]} b5 {[%clk 1:32:31]} 7. Bb3 {[%clk 1:30:00]} Na5
{[%clk 1:32:35]} 8. h3 {[%clk 1:28:45]} c5 {[%clk 1:32:41]} 9. c3
{[%clk 1:28:14]} Be7 {[%clk 1:32:52]} 10. d4 {[%clk 1:24:17]} Nxb3
{[%clk 1:31:17]} 11. Qxb3 {[%clk 1:23:59]} c4 {[%clk 1:29:30]} 12. Qc2
{[%clk 1:22:06]} Qc7 {[%clk 1:29:37]} 13. d5 {[%clk 1:19:19]} O-O
{[%clk 1:29:39]} 14. Bg5 {[%clk 1:17:33]} h6 {[%clk 1:26:56]} 15. Bxf6
{[%clk 1:17:57]} Bxf6 {[%clk 1:27:18]} 16. Nbd2 {[%clk 1:16:59]} Be7
{[%clk 1:24:29]} 17. a4 {[%clk 1:06:02]} Bd7 {[%clk 1:24:35]} 18. axb5
{[%clk 1:06:13]} axb5 {[%clk 1:24:55]} 19. Rxa8 {[%clk 1:00:57]} Rxa8
{[%clk 1:25:16]} 20. Nf1 {[%clk 1:00:07]} Ra2 {[%clk 1:12:50]} 21. Ng3
{[%clk 0:52:26]} g6 {[%clk 1:10:30]} 22. Rb1 {[%clk 0:46:12]} Qa7 23. Qc1
{[%clk 0:35:54]} Kg7 {[%clk 0:57:16]} 24. Qd2 {[%clk 0:31:25]} Bd8
{[%clk 0:44:57]} 25. Ne2 {[%clk 0:24:43]} f5 {[%clk 0:43:08]} 26. Ng3
{[%clk 0:23:07]} f4 {[%clk 0:41:00]} 27. Ne2 {[%clk 0:22:13]} Bb6
{[%clk 0:36:22]} 28. Nc1 {[%clk 0:18:59]} Ra1 {[%clk 0:34:48]} 29. Rxa1
{[%clk 0:18:37]} Qxa1 {[%clk 0:35:10]} 30. Ne1 {[%clk 0:16:58]} Bc5
{[%clk 0:32:48]} 31. b4 {[%clk 0:13:38]} Bb6 {[%clk 0:31:46]} 32. Nc2
{[%clk 0:12:13]} 1/2-1/2

[Event "MSRCH16"]
[Site "?"]
[Date "2026.04.17"]
[Round "9.19"]
[White "Papay, Aurel"]
[Black "Stolar, Matus"]
[Result "1/2-1/2"]
[BlackElo "1688"]
[WhiteElo "1625"]
[LiveChessVersion "1.4.8"]

1. e4 {[%clk 1:30:56]} e5 {[%clk 1:30:54]} 2. Nf3 {[%clk 1:31:15]} Nc6
{[%clk 1:31:18]} 3. Bb5 {[%clk 1:31:39]} a6 {[%clk 1:31:41]} 4. Ba4
{[%clk 1:31:22]} Nf6 {[%clk 1:31:56]} 5. O-O {[%clk 1:31:36]} b5 {[%clk 1:31:48]}
6. Bb3 {[%clk 1:31:45]} Be7 {[%clk 1:31:36]} 7. Re1 {[%clk 1:31:27]} d6
{[%clk 1:31:35]} 8. c3 {[%clk 1:31:32]} Bg4 {[%clk 1:29:40]} 9. h3
{[%clk 1:24:00]} Bh5 {[%clk 1:30:01]} 10. d3 {[%clk 1:19:45]} h6 {[%clk 1:26:28]}
11. Nbd2 {[%clk 1:19:06]} O-O {[%clk 1:26:36]} 12. Nf1 {[%clk 1:19:28]} Na5
{[%clk 1:21:28]} 13. Bc2 {[%clk 1:18:16]} c5 {[%clk 1:21:08]} 14. Ng3
{[%clk 1:18:21]} Bg6 {[%clk 1:20:16]} 15. Nh4 {[%clk 1:11:14]} Bh7
{[%clk 1:06:18]} 16. Nhf5 {[%clk 1:10:48]} Kh8 {[%clk 1:05:28]} 17. f4
{[%clk 0:50:02]} Nc6 {[%clk 1:02:45]} 18. fxe5 {[%clk 0:48:17]} dxe5
{[%clk 1:00:44]} 19. Qf3 {[%clk 0:34:08]} Qd7 {[%clk 0:59:41]} 20. Nxe7
{[%clk 0:24:36]} Nxe7 {[%clk 0:59:49]} 21. Bxh6 {[%clk 0:22:07]} Ng6
{[%clk 0:56:57]} 22. Bg5 {[%clk 0:14:00]} Qd6 {[%clk 0:56:09]} 23. Bxf6
{[%clk 0:13:39]} gxf6 {[%clk 0:56:14]} 24. Nh5 {[%clk 0:12:18]} Nf4
{[%clk 0:54:45]} 25. Nxf4 {[%clk 0:12:24]} exf4 {[%clk 0:55:09]} 26. Rf1
{[%clk 0:12:35]} c4 {[%clk 0:54:48]} 27. dxc4 {[%clk 0:09:16]} bxc4
{[%clk 0:55:12]} 28. Qxf4 {[%clk 0:08:55]} Qb6+ {[%clk 0:55:32]} 29. Kh1
{[%clk 0:04:42]} Qxb2 {[%clk 0:55:55]} 30. Qxf6+ {[%clk 0:05:00]} Kg8
{[%clk 0:56:24]} 31. Qg5+ {[%clk 0:02:21]} Bg6 {[%clk 0:53:56]} 32. Rfc1
{[%clk 0:01:24]} Rab8 {[%clk 0:52:30]} 33. h4 {[%clk 0:00:42]} Rb5
{[%clk 0:51:49]} 34. Qg3 {[%clk 0:00:39]} Kg7 {[%clk 0:51:40]} 35. Rab1
{[%clk 0:00:38]} Qxa2 {[%clk 0:51:46]} 36. Rxb5 {[%clk 0:01:01]} axb5
{[%clk 0:52:06]} 37. h5 {[%clk 0:01:09]} Rh8 {[%clk 0:52:28]} 38. Qe5+
{[%clk 0:01:22]} Kg8 {[%clk 0:52:36]} 39. Qe8+ {[%clk 0:00:51]} Kg7
{[%clk 0:52:57]} 40. Qe5+ {[%clk 0:01:03]} Kg8 {[%clk 0:53:19]} 41. Qe8+
{[%clk 0:13:18]} Kh7 1/2-1/2

[Event "MSRCH16"]
[Site "?"]
[Date "2026.04.17"]
[Round "9.20"]
[White "Nevicky, Nikola"]
[Black "Artner, Jakub"]
[Result "1/2-1/2"]
[BlackElo "1629"]
[WhiteElo "1974"]
[LiveChessVersion "1.4.8"]

1. c4 {[%clk 1:30:56]} Nf6 {[%clk 1:30:54]} 2. g3 {[%clk 1:31:17]} g6
{[%clk 1:31:10]} 3. Bg2 {[%clk 1:31:40]} Bg7 {[%clk 1:31:37]} 4. Nf3
{[%clk 1:32:00]} O-O {[%clk 1:31:08]} 5. O-O {[%clk 1:32:25]} d6 {[%clk 1:29:47]}
6. Nc3 {[%clk 1:32:44]} c5 {[%clk 1:28:07]} 7. d4 {[%clk 1:32:17]} Na6
{[%clk 1:23:36]} 8. e3 {[%clk 1:31:05]} Bf5 {[%clk 1:19:51]} 9. Nh4
{[%clk 1:28:56]} Bc8 {[%clk 1:19:52]} 10. a3 {[%clk 1:25:40]} Qc7
{[%clk 1:13:20]} 11. Nb5 {[%clk 1:24:55]} Qb6 {[%clk 1:10:41]} 12. d5
{[%clk 1:24:18]} Bd7 {[%clk 1:04:19]} 13. Nc3 {[%clk 1:24:21]} Qd8
{[%clk 1:03:09]} 14. e4 {[%clk 1:23:57]} Qc8 {[%clk 0:53:09]} 15. f4
{[%clk 1:23:20]} Bh3 {[%clk 0:42:03]} 16. f5 {[%clk 1:21:04]} Bxg2
{[%clk 0:40:27]} 17. Kxg2 {[%clk 1:21:21]} Nd7 {[%clk 0:39:33]} 18. Bd2
{[%clk 1:14:35]} Ne5 {[%clk 0:34:51]} 19. Qe2 {[%clk 1:14:49]} Nb8
{[%clk 0:33:49]} 20. Nd1 {[%clk 1:13:13]} Nbd7 {[%clk 0:31:33]} 21. Bc3
{[%clk 1:13:32]} a6 {[%clk 0:29:33]} 22. Nf2 {[%clk 1:13:03]} Rb8
{[%clk 0:23:11]} 23. a4 {[%clk 1:12:13]} g5 {[%clk 0:20:53]} 24. Nf3
{[%clk 1:12:19]} Nxf3 {[%clk 0:20:24]} 25. Qxf3 {[%clk 1:11:58]} f6
{[%clk 0:19:47]} 26. Qe2 {[%clk 1:10:19]} h6 {[%clk 0:19:25]} 27. Rh1
{[%clk 1:09:15]} Kh7 {[%clk 0:18:00]} 1/2-1/2

[Event "MSRCH16"]
[Site "?"]
[Date "2026.04.17"]
[Round "9.21"]
[White "Kralovensky, Jan"]
[Black "Kriscak, Simon"]
[Result "1/2-1/2"]
[BlackElo "1773"]
[WhiteElo "1581"]
[LiveChessVersion "1.4.8"]

1. d4 {[%clk 1:30:57]} d5 {[%clk 1:30:56]} 2. Bf4 {[%clk 1:31:00]} Nf6
{[%clk 1:31:20]} 3. e3 {[%clk 1:30:51]} c5 {[%clk 1:31:32]} 4. c3
{[%clk 1:30:45]} Nc6 {[%clk 1:31:56]} 5. Nf3 {[%clk 1:29:50]} Qb6
{[%clk 1:24:04]} 6. Qc2 {[%clk 1:27:33]} g6 {[%clk 1:23:37]} 7. Nbd2
{[%clk 1:26:17]} Bf5 {[%clk 1:22:35]} 8. Qb3 {[%clk 1:26:09]} c4 {[%clk 1:22:32]}
9. Qxb6 {[%clk 1:24:27]} axb6 {[%clk 1:22:49]} 10. Be2 {[%clk 1:23:47]} b5
{[%clk 1:22:49]} 11. O-O {[%clk 1:21:03]} Kd7 {[%clk 1:21:55]} 12. Ne5+
{[%clk 1:20:07]} Nxe5 {[%clk 1:21:55]} 13. Bxe5 {[%clk 1:20:06]} Bg7
{[%clk 1:19:13]} 14. Nf3 {[%clk 1:16:57]} h6 {[%clk 1:17:27]} 15. h3
{[%clk 1:15:03]} g5 {[%clk 1:16:19]} 16. Nh2 {[%clk 1:10:34]} Rhg8
{[%clk 1:12:12]} 17. Bxf6 {[%clk 1:10:23]} Bxf6 {[%clk 1:12:30]} 18. Bg4
{[%clk 1:10:46]} Bxg4 {[%clk 1:11:13]} 19. Nxg4 {[%clk 1:11:09]} Bg7
{[%clk 1:11:25]} 20. a3 {[%clk 1:08:32]} f5 {[%clk 1:09:10]} 21. Nh2
{[%clk 1:08:09]} e6 {[%clk 1:07:16]} 22. f4 {[%clk 1:08:00]} Bf6 {[%clk 1:04:25]}
23. Rae1 {[%clk 1:07:43]} Rg7 {[%clk 1:01:16]} 24. Re2 {[%clk 1:06:30]} Rag8
{[%clk 0:59:22]} 25. Nf3 {[%clk 1:04:29]} g4 {[%clk 0:59:28]} 26. hxg4
{[%clk 1:04:48]} Rxg4 {[%clk 0:59:50]} 27. Ne5+ {[%clk 1:05:03]} Bxe5
{[%clk 1:00:08]} 28. fxe5 {[%clk 1:05:24]} h5 {[%clk 0:57:22]} 29. Rf4
{[%clk 1:05:43]} R8g7 {[%clk 0:49:52]} 30. Ref2 {[%clk 1:04:08]} Kc6
{[%clk 0:48:45]} 31. Kf1 {[%clk 1:00:41]} R7g6 {[%clk 0:46:28]} 32. Kg1
{[%clk 1:00:49]} Kb6 {[%clk 0:43:14]} 33. Kf1 {[%clk 0:58:47]} Ka5
{[%clk 0:41:06]} 34. Re2 {[%clk 0:57:12]} Kb6 1/2-1/2

[Event "MSRCH16"]
[Site "?"]
[Date "2026.04.17"]
[Round "9.22"]
[White "Slivka, Martin"]
[Black "Kostov, Rubin"]
[Result "1/2-1/2"]
[BlackElo "1702"]
[WhiteElo "1657"]
[LiveChessVersion "1.4.8"]

1. d4 {[%clk 1:30:54]} Nf6 {[%clk 1:30:54]} 2. c4 {[%clk 1:31:20]} e6
{[%clk 1:31:14]} 3. Nf3 {[%clk 1:31:39]} b6 {[%clk 1:31:35]} 4. g3
{[%clk 1:32:05]} Bb7 {[%clk 1:31:58]} 5. Bg2 {[%clk 1:32:31]} Be7
{[%clk 1:32:18]} 6. Nc3 {[%clk 1:32:29]} O-O {[%clk 1:32:32]} 7. O-O
{[%clk 1:32:45]} d5 {[%clk 1:32:27]} 8. cxd5 {[%clk 1:30:12]} Nxd5
{[%clk 1:32:38]} 9. Nxd5 {[%clk 1:21:36]} Bxd5 {[%clk 1:33:01]} 10. e3
{[%clk 1:16:34]} Nd7 {[%clk 1:32:46]} 11. b3 {[%clk 1:15:02]} Nf6
{[%clk 1:32:22]} 12. Bb2 {[%clk 1:13:59]} Qc8 {[%clk 1:29:23]} 13. Rc1
{[%clk 1:10:47]} Qb7 {[%clk 1:28:14]} 14. Nh4 {[%clk 0:55:21]} Bxg2
{[%clk 1:24:26]} 1/2-1/2

[Event "MSRCH16"]
[Site "?"]
[Date "2026.04.17"]
[Round "9.23"]
[White "Drabek, Matej"]
[Black "Vanco, Simon"]
[Result "0-1"]
[BlackElo "1681"]
[WhiteElo "1560"]
[LiveChessVersion "1.4.8"]

1. e4 {[%clk 1:28:03]} d6 {[%clk 1:30:52]} 2. d4 {[%clk 1:28:11]} Nf6
{[%clk 1:31:16]} 3. Nc3 {[%clk 1:28:27]} c6 {[%clk 1:31:30]} 4. f4
{[%clk 1:28:32]} Qa5 {[%clk 1:31:24]} 5. Bd3 {[%clk 1:28:56]} Nbd7
{[%clk 1:30:29]} 6. Nf3 {[%clk 1:27:17]} e5 {[%clk 1:30:26]} 7. O-O
{[%clk 1:24:58]} Be7 {[%clk 1:27:53]} 8. Be3 {[%clk 1:06:28]} O-O
{[%clk 1:24:33]} 9. Qe1 {[%clk 0:58:50]} Qc7 {[%clk 1:10:23]} 10. fxe5
{[%clk 0:44:11]} dxe5 {[%clk 1:09:38]} 11. Qg3 {[%clk 0:44:04]} Nh5
{[%clk 1:00:44]} 12. Qh3 {[%clk 0:38:43]} Ndf6 {[%clk 0:55:28]} 13. Qh4
{[%clk 0:34:55]} Ng4 {[%clk 0:51:25]} 14. Ng5 {[%clk 0:20:18]} Nxe3
{[%clk 0:46:43]} 15. Rxf7 {[%clk 0:19:02]} Rxf7 {[%clk 0:45:33]} 16. Qxh5
{[%clk 0:15:24]} Bxg5 {[%clk 0:45:39]} 17. Qxg5 {[%clk 0:15:36]} exd4
{[%clk 0:43:59]} 18. Ne2 {[%clk 0:14:43]} 0-1